000
00317nam a2200121Ia 4500
008
240624s9999 xx 000 0 und d
041
_a
eng
082
_a
823 HOU
100
_a
HOUEN ALEX
245
_a
TERRORISM AND MODERN LITERATURE FROM JOS
260
_c
2002
_a
New York
_b
Oxford University Press
300
_a
320 : p.
999
_c
18410
_d
18410